Justicia entre saberes: Epistemologías del Sur contra el epistemicidio.
Saved in:
| Hovedforfatter: | |
|---|---|
| Andre forfattere: | |
| Format: | Ukendt |
| Sprog: | engelsk |
| Udgivet: |
Madrid, España:
Ediciones Morata,
2017.
|
| Fag: | |
| Tags: |
Tilføj Tag
Ingen Tags, Vær først til at tagge denne postø!
|
MARC
| LEADER | 00000 a2200000 4500 | ||
|---|---|---|---|
| 003 | CL-VaPUC | ||
| 005 | 20240508161641.0 | ||
| 008 | 240502t2017 ||||| |||| 00| 0 eng d | ||
| 999 | |c 443354 |d 443352 | ||
| 020 | |a 978-84-7112-836-2 | ||
| 040 | |c Pontificia Universidad Católica de Valparaíso | ||
| 082 | |2 22 |a 306.42 SOU 2017 | ||
| 100 | |a Sousa Santos, Boaventura de |9 597586 |e autor | ||
| 245 | |a Justicia entre saberes: |b Epistemologías del Sur contra el epistemicidio. | ||
| 260 | |a Madrid, España: |b Ediciones Morata, |c 2017. | ||
| 300 | |a 348 páginas. | ||
| 583 | |k GC |c 20240502 | ||
| 650 | 0 | |9 308651 |a Sociología del conocimiento |x Aspectos culturales, políticos y sociales | |
| 650 | 0 | |9 264994 |a Epistemología |x Democracia y justicia social | |
| 700 | |9 888730 |a Filella, Roc |e traductor | ||
| 942 | |2 ddc |c BK | ||
| 952 | |0 0 |1 0 |2 ddc |4 0 |6 306_420000000000000_SOU_2017 |7 0 |8 A |9 594236 |a BIBEDU |b BIBEDU |c S_PSTGRDO |d 2024-04-24 |e 3 |g 28168.00 |i 5660873 |o 306.42 SOU 2017 |p 5660873 |r 2025-01-22 |t 1 |v 28168.00 |w 2024-04-24 |y BK |k DED | ||